| 000 | 00379nam a22001697a 4500 | ||
|---|---|---|---|
| 005 | 20260413114535.0 | ||
| 008 | 160627b xxu||||| |||| 00| 0 eng d | ||
| 020 | _a0-571-22219-6 | ||
| 041 | _aeng | ||
| 082 | _a891.63 | ||
| 100 |
_aKundera, Millan _92902 |
||
| 245 | _aImmortality | ||
| 260 | _bPenguin India | ||
| 300 | _a387 | ||
| 650 |
_aCzech fiction _98976 |
||
| 942 | _cBK | ||
| 999 |
_c4281 _d4280 |
||